| 000 | 00737nam a22002057a 4500 | ||
|---|---|---|---|
| 003 | 0 | ||
| 005 | 20250919123023.0 | ||
| 008 | 250919b xxu||||| |||| 00| 0 eng d | ||
| 020 | _a978-1-264-50609-5 | ||
| 050 |
_aQC 21.2 _b.B78 2022 |
||
| 100 |
_aBruhn, Christopher, _eauthor. |
||
| 245 |
_a5 Steps to a 5 : _bAP physics 2 : algebra-based 2023 / _cChristopher Bruhn. |
||
| 260 |
_aNew York, NY : _bMcGraw Hill LLC, _c2022. |
||
| 300 |
_axv, 411 pages : _billustrations ; _c28 cm. |
||
| 650 |
_aPhysics _xExaminations _vStudy guides. |
||
| 650 |
_aPhysics _xProblems, exercises, etc. |
||
| 650 |
_aAdvanced placement programs (Education) _zUnited States. |
||
| 650 |
_aCollege entrance achievement tests _zUnited States. |
||
| 942 |
_2lcc _cBK |
||
| 999 |
_c368041 _d368041 |
||